Who played for these teams? - Statistics

General Stats
  • This quiz has been taken 19 times
  • The average score is 6 of 10
Answer Stats
Hint Answer % Correct
Envigado, Banfield, Porto, Monaco, Real Madrid, Bayern Munich (loan), Everton, Al-Rayyan, Olympiacos. James Rodriguez
100%
Arsenal, FC Barcelona, Chelsea, AS Monaco, Como. Cesc Fabregas
81%
Figueirense, 1899 Hoffenheim, Liverpool. Roberto Firmino
81%
Colo-Colo, Bayer Leverkusen, Juventus, Bayern Munich, Barcelona, Inter Milan, Flamengo. Arturo Vidal
75%
Pyunik, Metalurh Donetsk, Shakhtar Donetsk, Borussia Dortmund, Manchester United, Arsenal, Roma (loan), Roma, Inter Milan. Henrikh Mkhitaryan
69%
Livorno, Livorno (loan), Juventus, Fiorentina (loan), Los Angeles FC. Giorgio Chiellini
50%
Atletico Madrid, Deportivo Alaves (loan), Real Madrid, Real Sociedad (loan), AC Milan. Theo Hernandez
50%
PSG, RC Lens (loan), Bastia (loan), Villareal (loan), Real Madrid (loan), Fulham (loan), West Ham United (loan), West Ham United. Alphonse Areola
44%
Strasbourg, Lorient, PSG, Sevilla, Atletico Madrid, Valencia, Strasbourg. Kevin Gameiro
44%
Sheffield United, Northampton Town (loan), Tottenham Hotspur, Sheffield United (loan), Queens Park Rangers (loan), Aston Villa (loan), Manchester City. Kyle Walker
44%
No matching quizzes found
Score Distribution
Percent of People with Each Score
Percentile by Number Answered
Your Score History
You have not taken this quiz